V kultúre nájdeme cestu k sebe Minister kultúry SR Ľubomír Roman o spolužití Slovákov a Maďarov

Bibliographic Details
Main Authors: Roman, Ľubomír, 1944-2022 (Author), Lőrincz, Július, 1910-1980 (Author)
Format: Article
Language:Slovak
PhysicalDescription:Fotogr. 2
Subjects:

MARC

LEADER 00000nab a2200000 a 4500
001 vtls000522473
003 SK-MaSNL
005 20260305044340.0
008 120928c xo 0 slo
015 |a SNBRB19rr/mm-uuuuu 
035 |a CL0522611 
040 |a SNKBUCL  |b slo  |c SNKBUCL  |e AACR2 
041 0 |a slo 
044 |a xo  |c SK 
080 |a 394.912(437.6:439):008  |2 1981 
080 |a 008  |2 1981 
100 1 |a Roman, Ľubomír,  |d 1944-2022  |4 aut  |9 219741 
245 1 0 |a V kultúre nájdeme cestu k sebe  |b Minister kultúry SR Ľubomír Roman o spolužití Slovákov a Maďarov  |c Ľubomír Roman, Július Lőrincz 
300 |b Fotogr. 2 
650 0 7 |a Slováci  |2 snkbucl  |9 22552 
650 0 7 |a Maďari  |2 snkbucl  |9 18097 
655 7 |a články z novín a časopisov  |2 snkbucl  |9 267496 
700 1 |a Lőrincz, Július,  |d 1910-1980  |4 aut  |9 48954 
773 0 |t Pravda  |g Roč. 4 (75), č. 154 (4. 7. 1994), s. 1 a 6 
850 |a Slovenská národná knižnica v Martine  |a MTA001 
852 |a SNK  |b KIS3GCP 
958 |a RK 
992 |a RBX 
999 |c 3358005  |d 3359935